International dictionary of adult and continuing education
Αποθηκεύτηκε σε:
| Κύριος συγγραφέας: | |
|---|---|
| Άλλοι συγγραφείς: | |
| Μορφή: | Βιβλίο |
| Γλώσσα: | English |
| Δημοσίευση: |
London :
Kogan Page,
1999
|
| Θέματα: | |
| Ετικέτες: |
Προσθήκη ετικέτας
Δεν υπάρχουν, Καταχωρήστε ετικέτα πρώτοι!
|
MARC
| LEADER | 00000nam a2200000 i 4500 | ||
|---|---|---|---|
| 001 | 1/75996 | ||
| 008 | 050509s1999 eng d | ||
| 020 | |a 0-7494-2671-3 | ||
| 035 | |l 10077858 | ||
| 040 | |a GR-MY-UA |b gre |e aacr | ||
| 041 | 0 | |a eng | |
| 082 | 0 | |a 374.003 |2 (21) | |
| 100 | 1 | |a Jarvis, Peter |d 1937- | |
| 245 | 1 | 0 | |a International dictionary of adult and continuing education / |c Peter Jarvis and association with A L Wilson |
| 260 | |a London : |b Kogan Page, |c 1999 | ||
| 300 | |a vi, 202 σ.; |c 25 εκ. | ||
| 650 | 0 | 0 | |a Adult education |x Dictionaries. |
| 650 | 0 | 0 | |a Continuing education |x Dictionaries. |
| 700 | 1 | |a Wilson, Arthur L. |d 1950- | |
| 852 | |a INST |b LESVOS |e 20050509 |h 374.003 JAR |p 005100029806 |q 005100029806 |t REF |y 23 | ||
| 901 | |a BIBL1-2005-2 | ||
| 909 | |a Λ |b 114958 | ||
| 920 | |a ΔΙΕΥΡΥΝΣΗ |b ΕΠΕΑΕΚ-ΠΤΕ |y ΛΕΣΒΟΣ |z 2004-10 | ||
| 970 | |a ΜΑΡΙΝΑΤΟΥ |b ΜΥΡΣΙΝΗ |z 2005/04/9 | ||